[Event "Reykjavik ISL-ch op"]
[Site "Reykjavik"]
[Date "2020.08.28"]
[Round "7"]
[White "Petursson, Olafur Fannar"]
[Black "Orrason, Arnar Freyr"]
[Result "0-1"]
[WhiteElo "1049"]
[BlackElo "1011"]
[PlyCount "74"]
[EventDate "2020.08.22"]
[EventType "swiss"]
[EventRounds "9"]
[EventCountry "ISL"]
[SourceTitle "CBM 198 Extra"]
[Source "ChessBase"]
[SourceDate "2020.11.30"]
[SourceVersion "1"]
[SourceVersionDate "2020.11.30"]
[SourceQuality "1"]

1. d4 Nf6 2. c4 g6 3. Nc3 Bg7 4. Bf4 0-0 5. e3 d6 6. Be2 Nbd7 7. Nf3 c5 8. 0-0 cxd4 9. exd4 b6 10. Qc2 Ng4 11. h3 e5 12. dxe5 dxe5 13. Bg3 Nh6 14. Rfe1 Nf5 15. Bh2 Bb7 16. Rad1 Qe7 17. Bd3 Nd6 18. Nd4 Qg5 19. f3 exd4 20. Bxd6 dxc3 21. Bxf8 Rxf8 22. bxc3 Bxf3 23. Rd2 Nc5 24. Rf1 Bc6 25. Rdf2 Na4 26. Be4 Bd7 27. Qd3 Be6 28. Kh2 Nxc3 29. Bb7 Na4 30. Qa3 Nc3 31. Qxa7 Bxc4 32. Re1 Be5+ 33. Kh1 Bg3 34. Qxb6 Bxf2 35. Qxf2 Nxa2 36. Qd4 Be6 37. Bf3 Rd8 0-1